000 00612nam a2200217Ia 4500
005 20241129110239.0
008 241129s9999||||xx |||||||||||||| ||und||
020 _a81-903609-1-4
037 _aTB
040 _aARTS
_beng
_cARTS
041 _aeng
_2urd
084 _aO168,1N64x P6
_qARTS
100 _aLatif Riyaz Au.
_9727567
245 0 _aHindsa be khwab raton ka: a collection of Urdu poems
_cLatif Riyaz Au.
260 _aAhamedabad, India
_bShankuda
_c2010
300 _a98p.
365 _aINR
_b200
650 _aUrdu Poetry
942 _cTB
_hO168,1N64x P6
999 _c1227877
_d1227877